Detalles MARC
| 000 -LÍDER |
| Campo fijo de descripción fija |
02454nam a2200325 i 4500 |
| 001 - NÚMERO DE CONTROL |
| Campo de control |
768714001 |
| 003 - IDENTIFICADOR DEL NÚMERO DE CONTROL |
| Campo de control |
CO-MdFUSB |
| 005 - FECHA Y HORA DE LA ULTIMA TRANSACCIÓN |
| control field |
20220812111156.0 |
| 007 - CAMPO FIJO DE DESCRIPCIÓN FIJA--INFORMACIÓN GENERAL |
| Campo fijo de descripción fija |
ta |
| 008 - ELEMENTOS DE LONGITUD FIJA -- INFORMACIÓN GENERAL |
| Campo fijo de descripción fija -- Información general |
220219t1989 ck ad||| |||| 00| 0 spa d |
| 020 ## - NÚMERO INTERNACIONAL NORMALIZADO PARA LIBROS |
| Número Internacional Normalizado del libro |
9586251705 |
| 040 ## - FUENTE DE CATALOGACIÓN |
| Agencia de catalogación original |
CO-MdFUSB |
| Idioma de catalogación |
spa |
| Agencia que realiza la transcripción |
CO-MdFUSB |
| Agencia que realiza la modificación |
CO-MdFUSBC |
| Convenciones de la descripción |
rda |
| 041 ## - CÓDIGO DE IDIOMA |
| Código de idioma para texto/pista de sonido o título separado |
spa |
| 082 ## - NÚMERO DE CLASIFICACIÓN DECIMAL DEWEY |
| Número de la edición del Dewey |
23 |
| Número de clasificación |
282.098 |
| Clave de autor-Numero de item |
SA237 |
| 110 ## - ASIENTO PRINCIPAL--NOMBRE CORPORATIVO |
| Nombre corporativo o de jurisdicción como elemento de entrada |
Secretariado de Santuarios en América del Sur |
| 245 1# - TÍTULO |
| Título del Material |
Santuarios, expresión de religiosidad popular : |
| Parte restante del título - Subtitulo |
síntesis pastoral de nueve Encuentros de Responsables de Santuarios del Cono Sur y de América del Sur |
| Mención de responsabilidad, etc. |
/ Secretariado de Santuarios en América del Sur , Consejo Episcopal Latinoamericano , Secretariado para la Pastoral de Santuarios. |
| 264 #1 - PRODUCCIÓN, PUBLICACIÓN, DISTRIBUCIÓN, MANUFACTURA, Y COPYRIGHT |
| Lugar de producción, publicación, distribución, manufactura |
Medellín, Colombia : |
| Nombre del productor, publicador, distribuidor |
Consejo Episcopal Latinoamericano, |
| Fecha de producción, publicación, distribución, manufactura, o copyright |
[1989] |
| 264 #4 - PRODUCCIÓN, PUBLICACIÓN, DISTRIBUCIÓN, MANUFACTURA, Y COPYRIGHT |
| Fecha de producción, publicación, distribución, manufactura, o copyright |
© 1989 |
| 300 ## - DESCRIPCIÓN FÍSICA |
| Extensión |
482 páginas |
| Dimensiones |
; 21 cm |
| 336 ## - TIPO DE CONTENIDO |
| Fuente |
rdacontent |
| Término de tipo de contenido |
texto |
| Código de tipo de contenido |
txt |
| 337 ## - TIPO DE MEDIO |
| Fuente |
rdamedia |
| Nombre del tipo de medio |
sin mediación |
| Código del tipo de medio |
n |
| 338 ## - TIPO DE SOPORTE |
| Fuente |
rdacarrier |
| Nombre del tipo de soporte |
volumen |
| Código Tipo de soporte |
nc |
| 490 ## - MENCIÓN DE SERIE |
| Mención de serie |
Documentos CELAM, |
| 505 ## - NOTA DE CONTENIDO |
| Nota de contenido con formato preestablecido |
Primer encuentro Caacupé-Paraguay -1980 La cultura y la evangelización El santuario, lugar privilegiado de la evangelización. -- Segundo encuentro. Pilar (Buenos Aires), Argentina 1981. Los santuarios, lugares privilegiados para el Pueblo de Dios en América Latina. -- Tercer encuentro Aparecida Brasil 1982. El santuario, lugar privilegiado de las iglesias locales para evangelizar las multitudes. -- Cuarto encuentro: La Florida -Chile 1983 Los santuarios hacia los 500 años de evangelización de América Latina. -- Quinto encuentro. Montevideo-Uruguay 1984. Desde los santuarios, una evangelización en lenguaje totalizante como fue el de la primera evangelización. -- Sexto encuentro. Caacupe - Ypacarai -Paraguay. 1985. Los santuarios en la situación actual de la evangelización en América Latina y su función pastoral y evangelizadora en las ciudades. -- Séptimo encuentro. Lima-Perú- 1986. Servidores de la nueva evangelización en los santuarios de América Latina. -- Octavo encuentro. Florencio Varela (Buenos Aires) Argentina - 1987. -- Noveno encuentro. Aparecida S. P. Brasil 1989. En los santuarios, la preocupación por una respuesta pastoral a las sectas, y asumir a la totalidad de s lacos latinoamericanos. |
| 563 ## - NOTA DE ENCUADERNACIÓN |
| Nota de encuadernación |
Rústico |
| 610 27 - ASIENTO SECUNDARIO DE MATERIA - NOMBRE CORPORATIVO |
| Nombre corporativo o nombre de la jurisdicción como elemento de entrada |
Iglesia Católica |
| Subdivisión general |
Liturgía |
| Subdivisión geográfica |
América Latina. |
| 650 #0 - ASIENTO SECUNDARIO DE MATERIA - TERMINO TEMÁTICO |
| 9 (RLIN) |
691 |
| Término temático o nombre geográfico como elemento de entrada |
Liturgia |
| Lugar del evento |
Episcopado. |
| Subdivisión geográfica |
América Latina |
| 942 ## - TIPO DE MATERIAL (KOHA) |
| Tipo de Item KOHA |
Libros General |
| 945 ## - INFORMACIÓN LOCAL DEL REGISTRO |
| Catalogador |
JTF-925 |